MARC details
| 000 -LEADER |
| fixed length control field |
01114cam a2200289 i 4500 |
| 001 - CONTROL NUMBER |
| control field |
200464730 |
| 003 - CONTROL NUMBER IDENTIFIER |
| control field |
TR-AnTOB |
| 005 - DATE AND TIME OF LATEST TRANSACTION |
| control field |
20250703102816.0 |
| 007 - PHYSICAL DESCRIPTION FIXED FIELD--GENERAL INFORMATION |
| fixed length control field |
ta |
| 008 - FIXED-LENGTH DATA ELEMENTS--GENERAL INFORMATION |
| fixed length control field |
190402s2018 tu a 000 0 tur d |
| 020 ## - INTERNATIONAL STANDARD BOOK NUMBER |
| International Standard Book Number |
9786052954577 |
| 040 ## - CATALOGING SOURCE |
| Original cataloging agency |
TR-AnTOB |
| Language of cataloging |
eng |
| Description conventions |
rda |
| Transcribing agency |
TR-AnTOB |
| 041 ## - LANGUAGE CODE |
| Language code of text/sound track or separate title |
Türkçe |
| 050 ## - LIBRARY OF CONGRESS CALL NUMBER |
| Classification number |
AG195 |
| Item number |
.R63 2018 |
| 090 ## - LOCALLY ASSIGNED LC-TYPE CALL NUMBER (OCLC); LOCAL CALL NUMBER (RLIN) |
| Classification number (OCLC) (R) ; Classification number, CALL (RLIN) (NR) |
JUN AG195 |
| Local cutter number (OCLC) ; Book number/undivided call number, CALL (RLIN) |
.R63 2018 |
| 245 00 - TITLE STATEMENT |
| Title |
Robotlar hapşırabilir mi? : |
| Remainder of title |
bilim yolunda eğlenceli adımlar kitabı / |
| Statement of responsibility, etc. |
yayına hazırlayan Cumhur Öztürk. |
| 264 #1 - PRODUCTION, PUBLICATION, DISTRIBUTION, MANUFACTURE, AND COPYRIGHT NOTICE |
| Place of production, publication, distribution, manufacture |
İstanbul : |
| Name of producer, publisher, distributor, manufacturer |
İş Bankası Kültür Yayınları , |
| Date of production, publication, distribution, manufacture, or copyright notice |
2018. |
| 300 ## - PHYSICAL DESCRIPTION |
| Extent |
109 pages: |
| Other physical details |
pictures; |
| Dimensions |
26 cm |
| 336 ## - CONTENT TYPE |
| Content type term |
text |
| Source |
rdacontent. |
| 505 ## - FORMATTED CONTENTS NOTE |
| Formatted contents note |
İlk'lerin ve En'leri Eğlenerek Öğrenmek DOĞAN HIZLAN; Dünyanın Doğası; Dünyanın Dengesi; Dünyanın En'leri; Dünyanın Bilgisi; Türkiye'nin Bilgisi; Bilişim Dünyası. |
| 521 ## - TARGET AUDIENCE NOTE |
| Target audience note |
İlkokul 2.3,4. sınıf ; Ortaokul 5,6,7,8. sınıf. |
| 650 #7 - SUBJECT ADDED ENTRY--TOPICAL TERM |
| Topical term or geographic name entry element |
Sorular ve cevaplar |
| Source of heading or term |
etuturkob |
| 9 (RLIN) |
135661 |
|
| Topical term or geographic name entry element |
İlginç bilgiler. |
| 700 1# - ADDED ENTRY--PERSONAL NAME |
| Personal name |
Öztürk, Cumhur, |
| Relator term |
yayına hazırlayan. |
| 942 ## - ADDED ENTRY ELEMENTS (KOHA) |
| Source of classification or shelving scheme |
Library of Congress Classification |
| Koha item type |
Book |